FBI law enforcement bulletin

Bibliographic Details
Corporate Author: United States. Federal Bureau of Investigation
Format: Government Document Electronic Journal
Language:English
Published: Washington, DC : U.S. Dept. of Justice, Federal Bureau of Investigation
Subjects:
Online Access:Full text available from Research Library: 01/01/1995 to 12/31/2012

MARC

LEADER 00000nas a22000007a 4500
001 ssj0008882
003 WaSeSS
005 20200512172242.0
006 m d
007 cr n
008 000621c19359999dcumr pss f0 a0eng c
010 |a  2001227169 
022 |a 1937-4674  |l 0014-5688  |y 0014-5688 
035 |a (WaSeSS)ssj0008882 
040 |a GAO  |b eng  |e pn  |c GAO  |d EYM  |d GPO  |d OCLCQ  |d GPO  |d NSD  |d OCLCQ  |d GBT  |d OCLCQ  |d GPO  |d OCLCO  |d COO  |d GPO  |d OCLCF  |d OCLCO  |d OCLCQ  |d GILDS  |d OCLCO  |d CSU  |d CWCLL  |d UAB  |d WT2  |d MUX  |d CCO  |d OCLCE  |d OCLCQ  |d UUM  |d OCLCO  |d DLC  |d VT2  |d WaSeSS 
042 |a nsdp  |a pcc 
043 |a n-us--- 
050 1 4 |a HV6201  |b .F2 
074 |a 0717-C-05 (online) 
082 1 0 |a 363.2  |2 14 
086 0 |a J 1.14/8: 
222 0 |a FBI law enforcement bulletin  |b (Online) 
245 0 0 |a FBI law enforcement bulletin  |h [electronic resource]. 
246 1 |a Law enforcement bulletin 
246 1 |a Federal Bureau of Investigation law enforcement bulletin 
260 |a Washington, DC :  |b U.S. Dept. of Justice, Federal Bureau of Investigation 
310 |a Monthly 
362 1 |a Print began with vol. 4, no. 10 (Oct. 1935). 
506 |a License restrictions may limit access. 
588 |a Description based on: Vol. 68, no. 1 (Jan. 1999); title from table of contents page (viewed Apr. 16, 2001). 
588 |a Latest issue consulted: Nov. 2015. 
650 0 |a Crime  |z United States  |v Periodicals. 
650 0 |a Criminal investigation  |v Periodicals. 
650 7 |a Crime.  |2 fast  |0 (OCoLC)fst00882984 
650 7 |a Criminal investigation.  |2 fast  |0 (OCoLC)fst00883201 
651 7 |a United States.  |2 fast  |0 (OCoLC)fst01204155 
653 0 |a Law 
655 0 |a Electronic journals. 
710 1 |a United States.  |b Federal Bureau of Investigation. 
776 0 8 |i Print version, 1935-2012:  |t FBI law enforcement bulletin  |x 0014-5688  |w (DLC) 36013359  |w (OCoLC)2557429 
856 4 0 |z Full text available from Research Library: 01/01/1995 to 12/31/2012  |u https://search.proquest.com/publication/6543